| 000 | 03107cam a22005414i 4500 | ||
|---|---|---|---|
| 003 | PE-LiUPU | ||
| 005 | 20250731173302.0 | ||
| 008 | 150616s1952 ag a rb 000 0 spa d | ||
| 035 | _a(Sirsi) a3634 | ||
| 040 |
_aPE-LiUPU _bspa _cPE-LiUPU _erda |
||
| 049 | _aPRUA | ||
| 082 | 0 | 4 |
_a270 _bL49 _221 |
| 100 | 1 |
_aLebreton, Jules, _eautor. |
|
| 245 | 1 | 0 |
_aHistoria de la iglesia desde sus orígenes hasta nuestros dias : _bla iglesia primitiva / _cJules Lebreton. |
| 264 | 1 |
_aBuenos Aires : _bEdiciones Desclee, de Brouwer, _c1952. |
|
| 300 |
_a388 páginas : _bilustraciones ; _c24 centímetros |
||
| 336 |
_atext _2rdacontent |
||
| 337 |
_aunmediated _2rdamedia |
||
| 338 |
_avolume _2rdacarrier |
||
| 504 | _aNotas Bibliográficas. | ||
| 505 | 0 | _aJesucristo y el origen de la iglesia -- La predicación de los apóstoles. La iglesia en sus orígenes -- Viajes apostólicos de San Pablo -- San Pedro y la fundación de la iglesia de Roma -- Santiago y San Juan -- La vida cristiana en el declinar del siglo I -- La propagación del cristianismo -- Las primeras persecuciones. La legislación imperial relativa a los cristianos -- La persecución en tiempos de los Flavios y de los Antonios -- Los padres apostólicos y su época -- La organización eclesiástica en los dos primeros siglos -- Iglesias en el siglo II -- La vida cristiana en los dos primeros siglos -- La apologética cristiana en el siglo II. | |
| 526 | _aSEG42 | ||
| 526 | _aSEG41 | ||
| 526 | _aSEG40 | ||
| 526 | _aSEG39 | ||
| 526 | _aP94 | ||
| 526 | _aP87 | ||
| 526 | _aP86 | ||
| 526 | _aP85 | ||
| 526 | _aP77 | ||
| 526 | _aP76 | ||
| 526 | _aP35 | ||
| 610 | 2 |
_aIglesia Católica _xHistoria _ySiglo II-III. |
|
| 700 | 1 |
_aZeiller, Jacques, _eautor. |
|
| 910 |
_ajck _bjvq _cjck |
||
| 942 |
_2ddc _cBOOK |
||
| 949 |
_a270 L49 _wDEWEY _c1 _i11730 _lCCODEBUL1 _mBUL _p00.00 _r0 _sY _tBOOK _u19920419 _xTEOLOGIA _zUNKNOWN _0COMPRA _o.STAFF. Colección Teología |
||
| 949 |
_a270 L49 _wDEWEY _c2 _i39191 _lCCODEBUL1 _mBUL _pdollar152 _r0 _sY _tBOOK _u19920419 _xTEOLOGIA _PP35 _0COMPRA _o.STAFF. Colección Teología |
||
| 949 |
_a270 L49 _wDEWEY _c3 _i39192 _lCCODEBUL1 _mBUL _pdollar152 _r0 _sY _tBOOK _u19920419 _xTEOLOGIA _PP35 _0COMPRA _o.STAFF. Colección Teología |
||
| 994 |
_aC0 _bPEPRU |
||
| 596 | _a1 | ||
| 999 |
_a270 L49 _wDEWEY _c44401 _i11730 _d44401 _e2018-6-18 _f2021-11-12 _g5 _lCCODEBUL1 _mBUL _n13 _p20.00 _q7 _r0 _sY _tBOOK _u2015-6-16 _xTEOLOGIA _PP35 _0COMPRA _o.STAFF. Colección Teología |
||
| 999 |
_a270 L49 _wDEWEY _c2 _i39191 _d2018-10-30 _e2015-9-20 _f2019-12-11 _g4 _lDISCARD _mBUL _n3 _p152.00 _q3 _r1 _sY _tBOOK _u2015-6-16 _xTEOLOGIA _PP35 _0COMPRA _o.CIRCNOTE. Documento de alto precio _o.STAFF. Colección Teología |
||
| 999 |
_a270 L49 _wDEWEY _c3 _i39192 _d2018-6-19 _e2018-6-17 _f2019-12-11 _g4 _lDISCARD _mBUL _n8 _p152.00 _q2 _r1 _sY _tBOOK _u2015-6-16 _xTEOLOGIA _PP35 _0COMPRA _o.CIRCNOTE. Documento de alto precio. _o.STAFF. Colección Teología |
||
| 980 |
_81 _gALBERTO SANCHEZ Responsable de Automatización |
||